00309nam a2200133Ia 4500008004100000100002000041245001300061250001200074260004800086300000800134650001100142942000700153999001500160190216s9999||||xx |||||||||||||| ||und|| aEdgar Altenburg 0aGenetics a1st Ed. bOxford And Ibh Publishing Co. Pvt Ltdc1957 a496 aBotany cBK c1286d1286